000
00214 a2200097 4500
001
36323
100
_a
Floyd, Thomas
245
_a
Electronic fundamentals
260
_a
New York
_b
Merrill
_c
090
_c
23552
_d
23552
942
_a
NUST-CAE
_c
M
_c
15061
999
_c
271396
_d
271396